Guia de competències clau del Mercat de Treball
Descripción Física:
1 díptic : il·lustracions color ; 21 x 15 cm
Idioma:
Catalán
MARC
| LEADER | 00000nam a22000007a 4500 | ||
|---|---|---|---|
| 001 | 29337 | ||
| 003 | AGDB | ||
| 005 | 20260324181547.0 | ||
| 008 | 260205b spa||||| |||| 00| 0 cat d | ||
| 017 | |a B 16475-2025 | ||
| 040 | |a agdb |b cat | ||
| 110 | |a Barcelona (Catalunya : Província). |b Àrea de Desenvolupament Econòmic i Turisme |9 71481 | ||
| 245 | |a Guia de competències clau del Mercat de Treball | ||
| 260 | |a Barcelona : |b Diputació de Barcelona, Àrea de Desenvolupament Econòmic i Turisme, |c 2025 | ||
| 300 | |a 1 díptic : |b il·lustracions color ; |c 21 x 15 cm | ||
| 650 | 0 | |a Competències professionals |2 Arxiu |9 45560 | |
| 655 | 0 | |a Fulletons |9 55858 | |
| 942 | |2 udc |c ARXIU |n 1 | ||
| 952 | |0 0 |1 0 |2 udc |4 0 |6 FU7925 |7 1 |9 99097 |a Arxiu |b Arxiu |d 2026-02-05 |l 0 |o FU-79-25 |p 29337 |r 2026-02-05 13:17:52 |w 2026-02-05 |y ARXIU | ||
| 999 | |c 130752 |d 130752 | ||